000 00291nam a2200109Ia 4500
008 190723s9999 xx 000 0 und d
100 _aDr.Asghar S.Nasir
245 0 _aSmall Entrepreneurs in Developing Countries
260 _aKarachi
_bIlmi Kitab Khana
_c2017
300 _a554
942 _cBK
999 _c1247
_d1247